000
00232nam a2200097Ia 4500
001
704929
005
20250826162420.0
008
250824s9999 xx 000 0 und d
245
0
_a
GENÇ SAFAHAT
_c
ANONİM
260
_b
KÜLTÜR YAYINLARI
999
_c
704929
_d
704929